000 00280nam a22001217a 4500
008 160519b xxu||||| |||| 00| 0 eng d
020 _a9780781794688
020 _a0781794684
041 _aeng
080 _a618.2
245 _aNursing research:
_cWolters Kluwer;
942 _2udc
_cBK
999 _c2245
_d2245